| Tag |
First Indicator |
Second Indicator |
Subfields |
| LEADER |
00000cam a2200000Ia 4500 |
| 001 |
in00002003106 |
| 005 |
20151031141224.0 |
| 008 |
840418s1983 ru af 000 1 ruso |
| 010 |
|
|
|a 84151264
|
| 020 |
|
|
|c 1.10rub
|
| 035 |
|
|
|a (OCoLC)ocm17094462
|
| 040 |
|
|
|a DLC
|c DLC
|d IUL
|d OCL
|d TXA
|d UtOrBLW
|
| 049 |
|
|
|a TXAM
|
| 050 |
1 |
4 |
|a PG3479.6.E474
|b V7 1983
|
| 100 |
1 |
|
|a Demidov, Pavel Pavlovich.
|
| 245 |
1 |
0 |
|a Vspominaĭ i dalʹshe-- :
|b povestʹ o Konstantine Sukhanove /
|c Pavel Demidov.
|
| 264 |
|
1 |
|a Moskva :
|b Izd-vo polit. lit-ry,
|c 1983.
|
| 300 |
|
|
|a 302 pages, 9 unnumbered leaves of plates :
|b color illustrations ;
|c 18 cm.
|
| 336 |
|
|
|a text
|b txt
|2 rdacontent
|
| 337 |
|
|
|a unmediated
|b n
|2 rdamedia
|
| 338 |
|
|
|a volume
|b nc
|2 rdacarrier
|
| 490 |
1 |
|
|a Plamennye revoli︠u︡t︠s︡ionery
|
| 600 |
1 |
0 |
|a Sukhanov, Konstantin
|v Fiction.
|
| 700 |
1 |
|
|a Sukhanov, Georgiĭ.
|
| 830 |
|
0 |
|a Plamennye revoli︠u︡t︠s︡ionery.
|
| 948 |
|
|
|a cataloged
|b h
|c 2004/11/12
|d c
|e tchubaryan
|f 1:05:41 pm
|
| 994 |
|
|
|a E0
|b TXA
|
| 999 |
|
|
|a MARS
|
| 999 |
f |
f |
|s fa0c9171-987a-3135-8b2d-bbc8fd21d651
|i 32d414fd-2e94-36b6-ad87-36ee3920fc49
|t 0
|
| 952 |
f |
f |
|p ric
|a Texas A&M University
|b Rellis Campus
|c Joint Library Facility
|d Remote Storage
|t 0
|e PG3479.6.E474 V7 1983
|h Library of Congress classification
|i unmediated -- volume
|m A14831632162
|
| 998 |
f |
f |
|a PG3479.6.E474 V7 1983
|t 0
|l Remote Storage
|